The wisdom of don Quixote (Record no. 4538)

MARC details
000 -CABECERA
campo de control de longitud fija 00714nam a2200217 a 4500
001 - NÚMERO DE CONTROL
campo de control BRCA_4844
005 - FECHA Y HORA DE LA ÚLTIMA TRANSACCIÓN
campo de control 20190320204828.0
008 - DATOS DE LONGITUD FIJA--INFORMACIÓN GENERAL
campo de control de longitud fija 131010s1994----mx-a######---#000-0#eng-#
041 ## - CÓDIGO DE LENGUA
Código de lengua del texto/banda sonora o título independiente eng
044 ## - CÓDIGO DEL PAÍS DE LA ENTIDAD EDITORA/PRODUCTORA
Código MARC del país mx
050 #4 - SIGNATURA TOPOGRÁFICA DE LA BIBLIOTECA DEL CONGRESO
Número de clasificación PQ6329
Número de documento/Ítem .W57 1994
245 10 - MENCIÓN DE TÍTULO
Título The wisdom of don Quixote
Mención de responsabilidad, etc. selection of texts Ricardo Elizondo ; illustrations Jack Unruh ; translator Susan Moreira.
260 ## - PUBLICACIÓN, DISTRIBUCIÓN, ETC.
Lugar de publicación, distribución, etc. Monterrey, N.L., México
Nombre del editor, distribuidor, etc. ITESM Campus Monterrey
Fecha de publicación, distribución, etc. c1994
300 ## - DESCRIPCIÓN FÍSICA
Extensión 1 v. (sin paginación)
Otras características físicas il. a color
Dimensiones 22 cm.
500 ## - NOTA GENERAL
Nota general Incluye clasificación por temas
700 1# - PUNTO DE ACCESO ADICIONAL--NOMBRE DE PERSONA
Nombre de persona Elizondo, Ricardo
9 (RLIN) 12265
700 1# - PUNTO DE ACCESO ADICIONAL--NOMBRE DE PERSONA
Nombre de persona Unruh, Jack
Término indicativo de función/relación il.
9 (RLIN) 12266
700 1# - PUNTO DE ACCESO ADICIONAL--NOMBRE DE PERSONA
Nombre de persona Moreira, Susan
Término indicativo de función/relación trad.
9 (RLIN) 5394
902 ## - CATALOGADOR
Iniciales CERV
942 ## - ELEMENTOS DE PUNTO DE ACCESO ADICIONAL (KOHA)
Fuente del sistema de clasificación o colocación Library of Congress Classification
Tipo de ítem Koha Libros
Holdings
Estado de retiro Estado de pérdida Estado dañado No para préstamo Localización permanente Ubicación/localización actual Fecha de adquisición Total de préstamos Signatura topográfica completa Código de barras Fecha visto por última vez Precio válido a partir de Tipo de ítem Koha
El ejemplar forma parte de la colección y puede ser consultado según las políticas vigentes.       Biblioteca del Museo Franz Mayer (Rogerio Casas-Alatriste) Biblioteca del Museo Franz Mayer (Rogerio Casas-Alatriste) 13/10/2010   PQ6329 .W57 1994 CERV00069 22/03/2019 22/03/2019 Libros